Clays /

Bibliographic Details
Main Author: Hamer, Frank
Other Authors: Hamer, Janet
Format: Book
Language:English
Published: London : New York : Pitman ; Watson Guptill, 1977.
Series:Ceramic skillbooks.
Subjects:

MARC

Tag First Indicator Second Indicator Subfields
LEADER 00000cam a2200000 i 4500
001 in00000330021
005 20151011050336.0
008 780124s1977 enka b 00110 eng d
010 |a  77000199  
020 |z 0273010859 ; 
020 |a 027301000X (pbk. ;) 
020 |a 0823005895 (U.S.) 
035 |a (OCoLC)03577269 
035 |9 ABK0415AM 
040 |a IBS  |c IBS  |d TXA  |d UtOrBLW 
049 |a TXAM  |c [1556575] 
090 |a TT921.5  |b .H35 1977a 
100 1 |a Hamer, Frank. 
245 1 0 |a Clays /  |c Frank and Janet Hamer. 
264 1 |a London :  |b Pitman ;  |a New York :  |b Watson Guptill,  |c 1977. 
300 |a 90 pages :  |b illustrations ;  |c 21 cm. 
336 |a text  |b txt  |2 rdacontent 
337 |a unmediated  |b n  |2 rdamedia 
338 |a volume  |b nc  |2 rdacarrier 
490 1 |a Ceramic skillbooks 
500 |a Includes index. 
504 |a Bibliography: pages 80-81. 
650 0 |a Pottery  |x Equipment and supplies. 
650 0 |a Clay. 
700 1 |a Hamer, Janet. 
830 0 |a Ceramic skillbooks. 
999 |a MARS 
999 f f |s 0c866fbc-4be8-3914-bb07-92e37ed05418  |i 248e12d5-a97e-3823-b830-735509e1d61d  |t 0 
952 f f |p normal  |a Texas A&M University  |b College Station  |c Sterling C. Evans Library  |d Evans: Library Stacks  |t 0  |e TT921.5 .H35 1977a  |h Library of Congress classification  |i unmediated -- volume  |m A14805667935 
998 f f |a TT921.5 .H35 1977a  |t 0  |l Evans: Library Stacks